Evidence-based practice for nurses / (Record no. 17486)

MARC details
000 -LEADER
fixed length control field 00717cam a22002297a 4500
001 - CONTROL NUMBER
control field 15719104
005 - DATE AND TIME OF LATEST TRANSACTION
control field 20130529122743.0
008 - FIXED-LENGTH DATA ELEMENTS--GENERAL INFORMATION
fixed length control field 090430s2009 caua b 001 0 eng d
020 ## - INTERNATIONAL STANDARD BOOK NUMBER
International Standard Book Number 9781847872784 (hbk.)
020 ## - INTERNATIONAL STANDARD BOOK NUMBER
International Standard Book Number 1847872786 (hbk.)
020 ## - INTERNATIONAL STANDARD BOOK NUMBER
International Standard Book Number 1847872794 (pbk.)
020 ## - INTERNATIONAL STANDARD BOOK NUMBER
International Standard Book Number 9781847872791 (pbk.)
082 04 - DEWEY DECIMAL CLASSIFICATION NUMBER
Classification number 610.73
Edition number 22
Item number BAR
100 1# - MAIN ENTRY--PERSONAL NAME
Personal name Barker, Janet H.
9 (RLIN) 33287
245 10 - TITLE STATEMENT
Title Evidence-based practice for nurses /
Statement of responsibility, etc Janet Barker.
260 ## - PUBLICATION, DISTRIBUTION, ETC. (IMPRINT)
Place of publication, distribution, etc Los Angeles ;
-- London :
Name of publisher, distributor, etc SAGE,
Date of publication, distribution, etc 2010.
300 ## - PHYSICAL DESCRIPTION
Extent vii, 165 p. :
Other physical details ill. ;
Dimensions 25 cm.
504 ## - BIBLIOGRAPHY, ETC. NOTE
Bibliography, etc Includes bibliographical references (p. 151-157) and index.
650 #0 - SUBJECT ADDED ENTRY--TOPICAL TERM
Topical term or geographic name as entry element Evidence-based nursing.
9 (RLIN) 27247
653 ## - INDEX TERM--UNCONTROLLED
Resource For college
Arrived date list May2013
942 ## - ADDED ENTRY ELEMENTS (KOHA)
Source of classification or shelving scheme Dewey Decimal Classification
Item type
Holdings
Withdrawn status Item status Source of classification or shelving scheme Damaged status Not for loan Vendor Home library Current library Shelving location Date acquired Source of acquisition Cost, normal purchase price Serial Enumeration / chronology Total Checkouts Total Renewals Full call number Barcode Date last seen Date last borrowed Cost, replacement price Koha item type
    Dewey Decimal Classification     Baccah Central Library Central Library First floor 29/05/2013   246.00 17806 2 6 610.73 BAR 000028759 15/07/2025 18/04/2017 308.00 Book - Borrowing